000 01734nam a2200289Ia 4500
999 _c53373
_d53373
001 20416
003 GE_BSU
005 20201124225559.0
008 181216s2016||||ge |||||||||||||| ||geo||
020 _a9789941089657
040 _cGE_BSU
041 _dgeo
080 _a94(479.22)+323.27(479.22) ვ-12
100 _aვადაჭკორია, შოთა
_95487
245 _aშეიარაღებული აჯანყების სამხედრო გეგმის გაცემის დაზუსტებისათვის /
_cშოთა ვადაჭკორია ; სარედაქციო კოლეგია : ქრისტინე ფაღავა-ბულეზი, შარლ ურევიჩი ; რედ. : სტივენ ჯონსი, ნატო სონღულაშვილი
264 _aთბილისი :
_bგეორგიკა,
_c2016.
300 _a120 გვ. :
_b რუკები ;
_c20 სმ.
504 _aბიბლიოგრ. : გვ. 69-70
520 _aრეზიუმე ინგლისურ ენაზე
653 _aისტორია
653 _aპოლიტიკა
653 _aსაქართველოს ანექსია რუსეთის მიერ
653 _aშეიარაღებული აჯანყების სამხედრო გეგმის გაცემის დაზუსტებისათვის
700 _a ჯონსი, სტივენ
_eრედაქტორი
_99775
700 _a სონღულაშვილი, ნატო
_eრედაქტორი
_99776
942 _cBK
_2udc